Welcome to CU Library Online Public Access Catalogue (OPAC)

Health promotion : (Record no. 2872)

MARC details
000 -LEADER
fixed length control field 00968pam a2200265 a 4500
001 - CONTROL NUMBER
control field 2089395
005 - DATE AND TIME OF LATEST TRANSACTION
control field 20250123082357.0
008 - FIXED-LENGTH DATA ELEMENTS--GENERAL INFORMATION
fixed length control field 951005s1996 enka b 001 0 eng
020 ## - INTERNATIONAL STANDARD BOOK NUMBER
International Standard Book Number 0192625926 (hbk.)
020 ## - INTERNATIONAL STANDARD BOOK NUMBER
International Standard Book Number 9780192625915
050 00 - LIBRARY OF CONGRESS CALL NUMBER
Classification number RA427.8
Item number .D68 1996
082 00 - DEWEY DECIMAL CLASSIFICATION NUMBER
Classification number 362.1/01
Edition information 20
100 1# - MAIN ENTRY--PERSONAL NAME
Personal name Downie, R. S.
Fuller form of name (Robert Silcock)
245 10 - TITLE STATEMENT
Title Health promotion :
Remainder of title models and values /
Statement of responsibility, etc. R.S. Downie, Carol Tannahill, and Andrew Tannahill.
250 ## - EDITION STATEMENT
Edition statement 2nd ed.
260 ## - PUBLICATION, DISTRIBUTION, ETC.
Place of publication, distribution, etc. Oxford ;
-- New York :
Name of publisher, distributor, etc. Oxford University Press,
Date of publication, distribution, etc. 1996.
300 ## - PHYSICAL DESCRIPTION
Extent xiii, 218 p. :
Other physical details ill. ;
Dimensions 23 cm.
440 #0 - SERIES STATEMENT/ADDED ENTRY--TITLE
Title Oxford medical publications
650 #0 - SUBJECT ADDED ENTRY--TOPICAL TERM
Topical term or geographic name entry element Health promotion.
700 1# - ADDED ENTRY--PERSONAL NAME
Personal name Tannahill, Carol.
700 1# - ADDED ENTRY--PERSONAL NAME
Personal name Tannahill, Andres.
856 42 - ELECTRONIC LOCATION AND ACCESS
Materials specified Publisher description
Uniform Resource Identifier <a href="http://www.loc.gov/catdir/enhancements/fy0637/95043869-d.html">http://www.loc.gov/catdir/enhancements/fy0637/95043869-d.html</a>
856 41 - ELECTRONIC LOCATION AND ACCESS
Materials specified Table of contents only
Uniform Resource Identifier <a href="http://www.loc.gov/catdir/enhancements/fy0637/95043869-t.html">http://www.loc.gov/catdir/enhancements/fy0637/95043869-t.html</a>
942 ## - ADDED ENTRY ELEMENTS (KOHA)
Source of classification or shelving scheme Library of Congress Classification
Koha item type Books
Edition 2nd ed.
Suppress in OPAC No
999 ## -
-- 2872
-- 2872
Holdings
Withdrawn status Lost status Source of classification or shelving scheme Damaged status Not for loan Collection Home library Current library Shelving location Date acquired Total checkouts Full call number Barcode Date last seen Copy number Price effective from Koha item type
    Library of Congress Classification     Non-fiction Science Library (Miotso) Science Library (Miotso) General stacks 01/23/2025   RA427.8 .D68 DOW SLM00002231 01/23/2025 1 01/23/2025 Books
    Library of Congress Classification     Non-fiction Science Library (Miotso) Science Library (Miotso) General stacks 01/23/2025   RA427.8 .D68 DOW SLM00002232 01/23/2025 2 01/23/2025 Books
    Library of Congress Classification     Non-fiction Science Library (Miotso) Science Library (Miotso) General stacks 01/23/2025   RA427.8 .D68 DOW SLM00002233 01/23/2025 3 01/23/2025 Books
    Library of Congress Classification     Non-fiction Science Library (Miotso) Science Library (Miotso) General stacks 01/23/2025   RA427.8 .D68 DOW SLM00002234 01/23/2025 4 01/23/2025 Books
© 2023-2024 Copyright: Central University Libraries. All Rights Reserved | Created by: Mahone Tech Office